Mixed Word: Famous Pairs Quiz Stats

 Plays Quiz Updated Aug 4, 2014

Support Sporcle.
Go Orange.
Score 0/30 Timer 04:00
1 Play Today
Scrambled Famous Pair % Correct
MAAD and VEEAdam and Eve
97.9%
CKAJ and LILJJack and Jill
93.6%
MTO and REJRYTom and Jerry
90.3%
NICA and LEABCain and Abel
87.3%
NONYS and HERCSonny and Cher
87.2%
SEWIL and ARKCLLewis and Clark
86.2%
MINSO and LGEAKRNFUSimon and Garfunkel
83.6%
TABTOB and LOSTCELOAbbott and Costello
80.9%
NEPN and RELELTPenn and Teller
79.7%
LALH and TEASOHall and Oates
79.6%
CUPHN and DJUYPunch and Judy
77.5%
NOBINE and DECLYBonnie and Clyde
77.3%
ERN and PITSYMRen and Stimpy
74.9%
KROM and DYNIMMork and Mindy
74.7%
VADDI and HOGLIATDavid and Goliath
73.1%
Scrambled Famous Pair % Correct
HECHEC and GONCHCheech and Chong
72.5%
MOORE and TEUJLIRomeo and Juliet
71.3%
TOANNY and PETOAARLCAntony and Cleopatra
64.2%
RAYKSST and CHUTHStarsky and Hutch
64%
DORGERS and NHIAEMTMSERRodgers and Hammerstein
62.5%
SHANLE and TREELGHansel and Gretel
59.2%
CORREPT and LAMBEGProcter and Gamble
52.9%
REALUL and DAYRHLaurel and Hardy
49.9%
VALEREN and LISHREYLaverne and Shirley
48.4%
LEMATH and SUEOILThelma and Louise
46.9%
LASES and TROSFCSeals and Crofts
42.3%
VAINLC and BOSHEBCalvin and Hobbes
40.7%
VIBESA and HUTBEDATBeavis and Butthead
33.8%
NCIAAPT and ETLELNINCaptain and Tennille
32.8%
TIGLERB and VAILNULSGilbert and Sullivan
30.2%

You're not logged in!

Compare scores with friends on all Sporcle quizzes.
OR
Log In

From the Vault

101 Movie 'A' Words

by MSUKent

These movies deserve an A+ in our book.
Remove Ads.
Support Sporcle.
Get the best of Sporcle when you Go Orange. This ad-free experience offers more features, more stats, and more fun while also helping to support Sporcle. Thank you for becoming a member.

Show Comments

Extras

Top Quizzes Today


Score Distribution

Your Account Isn't Verified!

In order to create a playlist on Sporcle, you need to verify the email address you used during registration. Go to your Sporcle Settings to finish the process.

Report this User

Report this user for behavior that violates our Community Guidelines.

Details: